000 01489nam a2200265Ia 4500
999 _c55844
_d55844
001 22941
003 GE_BSU
005 20230607113424.0
008 181216s ||||ge |||||||||||||| ||geo||
040 _cGE_BSU
041 _ageo
080 _a821.353.1(092 ტაბიძე,გ) კ-45
100 _aკვესელავა, მიხეილ
_918530
245 _aპოეტური ინტეგრალები :
_bგალაქტიონ ტაბიძე და თანამედროვე პოეზია /
_cმიხეილ კვესელავა ; რედ. ნუკრი აბესაძე ; მხატვ. ელგუჯა ამაშუკელი.
264 _aთბილისი :
_bსაბჭ. საქართველო,
_c1977.
300 _a673 გვ. ;
_e22 სმ.
541 _h8ლ
653 _aპოეტური ინტეგრალები
653 _aგალაქტიონ ტაბიძე და თანამედროვე პოეზია
653 _aტაბიძე, გალაქტიონ, ქართველი პოეტი, საზოგადო მოღვაწე, 1891-1959.
653 _aქართული პოეზია
700 _aაბესაძე, ნუკრი
_eრედაქტორი
_918531
700 _aამაშუკელი, ელგუჯა
_eმხატვარი
_918532
942 _cBK
_2udc